000 01398nam a2200277Ia 4500
003 OSt
005 20210707145037.0
008 210310s2011 ck ad gr 000 0dspa d
020 _a9789587199895
040 _aCO-JMCR
_cCO-JMCR
041 0 _aspa
082 0 4 _a351.9861 /
_bV868a
_223
100 1 _aVélez Gómez, Luis Diego,
_916329
_eautor
245 1 0 _aAspectos económicos de los proyectos del sector público /
_cLuis Diego Vélez Gómez
250 _aPrimera edición
260 _aMedellín :
_bUniversidad Nacional de Colombia,
_c2011
300 _a393 páginas :
_bilustraciones y gráficas a blanco y negro ;
_c24 cm.
500 _aIncluye índice analítico y onomástico.
504 _aBibliografía: páginas 379-380
505 0 _aAspectos macroeconómicos -- Etapas del proyecto -- Estudio de mercado -- El estudio técnico -- El tamaño del proyecto -- La evaluación del proyecto -- La tasa de interés -- Los criterios de evaluación -- Análisis costo-beneficio -- El criterio del costo mínimo -- La ejecución y el control del proyecto -- Introducción al sistema nacional de gestión de programas y proyectos de inversión pública -- Un nuevo concepto de inversión
650 1 4 _aAdministración pública
_916331
_zColombia
650 2 4 _aSector público
_938401
650 2 4 _aEvaluación de proyectos
_92814
650 2 4 _aFunción pública
_99320
942 _2ddc
_cBK
999 _c8099
_d8099